Sports Quiz

Random Sports or Football Quiz
Score 0/247 Timer 15:00
0 Plays Today
Year(s) Player % Correct
2004-PresentDean Lewington
89.3%
2004-2006 & 2010-2017David Martin
85.7%
2012 & 2012-2014Alan Smith
77.9%
2011-2012Adam Smith
77.1%
2011-2015Dele Alli
76.1%
2004-2007Gary Smith
75.7%
2006-2007Jamie Smith
75.7%
2009-2017George Baldock
73.6%
2005-2011Sam Baldock
72.9%
2019-PresentRussel Martin
71.7%
2004-2007 & 2013-2014Izale McLeod
70%
2011-2014Shaun Williams
68.6%
2016-PresentGeorge B Williams
67.9%
2016Jonny Williams
67.4%
2006-2008Keith Andrews
65.7%
2016-PresentKieran Agard
63%
2007-2011Willy Gueret
62.9%
2011-2017Darren Potter
62.9%
2008-2017Daniel Powell
60.7%
2008 & 2009-2014Luke Chadwick
59.3%
2009-2010Darren Powell
59.3%
2005-2011Aaron Wilbraham
58.6%
2009 & 2009-2014Stephen Gleeson
57.9%
2011-2017Dead Bowditch
56.4%
2012-2013Patrick Bamford
55.7%
2012-2016Antony Kay
55.7%
2006-2011Sean O'Hanlon
55%
2014-15Benin Adobe
54.3%
2016-PresentChuks Aneke
54.3%
2016-PresentLee Nicholls
54.3%
2004-2006Matt Baker
54.3%
2014-2016Carl Baker
52.2%
2014-2015Will Grigg
52.2%
2005-2007Clive Platt
50.7%
2004-2006, 2008, 2009 & 2009-2010Jason Puncheon
50%
2015Lewis Baker
50%
2008-2013Adam Chicksen
48.6%
2009-2013Mathias Kouo-Doumbe
47.9%
2018-PresentStuart Moore
47.8%
2010-2013Gary MacKenzie
46.3%
2012-2014Ryan Lowe
45.7%
2007-09Nathan Abbey
45.7%
2017-PresentConor McGrandles
45.7%
2013-2017Ben Reeves
45.7%
2004-2008Gareth Edds
45%
2007-2010Danny Swailes
45%
2011-2013Charlie MacDonald
44.3%
2011-2015Ian McLoughlin
44.3%
2017-PresentSam Nombe
43.5%
2015 & 2015-PresentJoe Walsh
43.5%
2006-2008Lloyd Dyer
42.9%
2012-2014Heel of God
42.1%
2007-2011Jemal Johnson
41.4%
2007-2011Jude Stirling
41.4%
2018-2019Rhys Healey
41.3%
2010-2011, 2011-2012 & 2012-2013Angelo Balanta
40%
2009-2011Jermaine Easter
40%
2005Richard Johnson
40%
2008-2011Peter Leven
40%
2009-2013Jabo Ibehre
39.3%
2007-2009Alan Navarro
39.3%
2007-2009Mark Wright
39.3%
2018-PresentBaily Cargill
39.1%
2017-PresentAlex Gilbey
39.1%
2018-PresentJordan Houghton
39.1%
2018-PresentJordan Moore-Taylor
39.1%
2009-2015Tom Flanagan
38.6%
2006-2007Adolfo Baines
37.9%
2008-2009Tore Andre Flo
37.1%
2006-2009Drissa Diallo
36.4%
2011-2014Brendon Galloway
36.4%
2012Jimmy Bullard
35.7%
2007-2009Kevin Gallen
35.7%
2004-2006Wade Small
35.7%
2008-2009Ali Gerba
35%
2007-2008Colin Cameron
32.9%
2010-2011Dietmar Hamann
32.9%
2013-2014 & 2014-2017Samir Carruthers
32.6%
2014-2016Kyle McFadzean
32.6%
2006-2008Scott Taylor
32.1%
2010Andros Townsend
32.1%
2006-2007Ademole Bankole
31.4%
2004-2007Ben Chorley
31.4%
Year(s) Player % Correct
2005-2009Paul Mitchell
31.4%
2004-2007Nicky Rizzo
31.4%
2008-2009Shaun Cummings
30.7%
2017-2019Aidan Nesbitt
30.4%
2006-2007 & 2007Lee Harper
30%
2007-2008Leon Knight
30%
2009-2010Sol Davis
29.3%
2004-2006Nathan Koo-Boothe
28.6%
2015-2016Cody Cropper
28.3%
2004-2007Ben Harding
27.9%
2005-2007Craig Morgan
27.9%
2004-2005Michel Pensee Billong
27.9%
2007-2008Drewe Broughton
26.4%
2004-2007Leon Crooks
26.4%
2008-2009Miguel Llera
26.4%
2006-2007Jon-Paul McGovern
26.4%
2009-2011Stuart Searle
26.4%
2013 & 2018-PresentRyan Harley
26.2%
2017-PresentDavid Kasumu
26.1%
2015-2016Josh Murphy
26.1%
2013-2014, 2014 & 2014-2016Jordan Spence
26.1%
2012-2018Giorgio Rasulo
25.9%
2004-2006Scott Bevan
25.7%
2009-2010Dean Morgan
25.7%
2011-2013Jay O'Shea
25.7%
2008-2009Carl Regan
25.7%
2004-2006Julien Hornuss
25%
2009-2010Alex Rae
25%
2012-2013Mason Spence
25%
2007-2011Luke Howell
24.3%
2017-2019Peter Pawlett
23.9%
2018-PresentRobbie Simpson
23.9%
2016-2019Brendon Thomas-Asante
23.9%
2019Stephen Walker
23.9%
2018-PresentRyan Watson
23.9%
2006-2007Joe Howe
23.6%
2006-2008Kieran Murphy
23.6%
2004-2006Shola Oyedele
23.6%
2006Ricardo Batista
22.9%
2012-2013 & 2013Zeli Ismail
22.9%
2009-2010David McCracken
22.9%
2004-2005Allan Smart
22.9%
2007-2008Bally Smart
22.9%
2011David Amoo
22.1%
2009-2012Charlie Collins
22.1%
2004-2006Malvin Kamara
22.1%
2004-2006Steve Palmer
22.1%
2009-2011Danny Woodards
22.1%
2017Harvey Barnes
21.7%
2018-PresentMathieu Baudry
21.7%
2015-2016 & 2016-2017Nicky Maynard
21.7%
2017-2018Robbie Muirhead
21.7%
2017-2019Ousseynou Cisse
21.7%
2012, 2015 & 2015-2016Robert Hall
21.4%
2004-2005Laurent Herve
21.4%
2010 & 2014-2016Mark Randall
21.4%
2010-2012Lewis Guy
20.7%
2005-2006Pablo Mills
20.7%
2008-2009Florian Sturm
20.7%
2009-2011Mark Carrington
20%
2008-2009Craig Dobson
20%
2011Keanu Marsh-Brown
20%
2005 & 2005-2006Trent McClenahan
20%
2004Paul Rachubka
20%
2014Larnell Cole
19.6%
2015Devante Cole
19.6%
2015 & 2016Jake Forster-Caskey
19.6%
2015-2016Sam Gallagher
19.6%
2014Ryan Hall
19.6%
2016-PresentOran Jackson
19.6%
2017-2019Osman Sow
19.6%
2005-2006Mirano Carrilho
19.3%
2007Albert Jarrett
19.3%
2004-2005Harry Ntimban-Zeh
19.3%
2004-2006Alex Tapp
19.3%
2008-2009Flavien Belson
18.6%
2004-2005Paul Heald
18.6%
2006David Partridge
18.6%
2006Stephen Quinn
18.6%
2012James Tavernier
18.6%
2007 & 2007Dominic Blizzard
17.9%
2009Michael Bridges
17.9%
2006-2007 & 2007Paul Butler
17.9%
Year(s) Player % Correct
2004-2005Anthony Danze
17.9%
2009-2010Lewis Gobern
17.9%
2008Jake Livermore
17.9%
2009-2010Richie Partride
17.9%
2016-PresentCallum Brittain
17.4%
2014-2017Charlie Burns
17.4%
2017-2018Scott Golbourne
17.4%
2013-2016Lee Hodson
17.4%
2017-2019Wieger Sietsma
17.4%
2018Marcus Tavernier
17.4%
2019David Wheeler
17.4%
2011Mark Beevers
17.1%
2009Oscar Gobern
17.1%
2008-2010David King
17.1%
2008Lewis Price
17.1%
2011Adam Clayton
16.4%
2007-2008Jordan Hadfield
16.4%
2004-2005Jamie Mackie
16.4%
2008John Miles
16.4%
2006Filipe Morais
16.4%
2017-PresentDylan Asonganyi
15.2%
2015-2016Simon Church
15.2%
2013 & 2014-15Danny Green
15.2%
2018-PresentMitch Hancox
15.2%
2017Stuart O’Keefe
15.2%
2016Alex Revell
15.2%
2018Elliott Ward
15.2%
2007-2008Matt Carbon
15%
2006-2009Sam Page
15%
2008Felix Bastians
14.3%
2006Junior Lewis
14.3%
2010Michael McIndoe
14.3%
2009Martin Devaney
13.6%
2011Stephen Hughes
13.6%
2011Clinton Morrison
13.6%
2012-2013Ibra Sekajja
13.6%
2017-2018Ethan Ebanks-Landell
13%
2019Jake Hesketh
13%
2014-2018Ben Tilney
13%
2009Aaron Doran
12.9%
2004-2006Nick McKoy
12.9%
2009-2010Nigel Quashie
12.9%
2005Craig Westcarr
12.9%
2005-2006Mark Ricketts
12.1%
2006-2007Joe Tillen
12.1%
2011-2012Anthony McNamee
11.4%
2004Richard Pacquette
11.4%
2015Jonson Clarke-Harris
10.9%
2018-PresentLawson D’Ath
10.9%
2016Jay Emmanuel-Thomas
10.9%
2017Maecky Ngombo
10.9%
2007Johnny Hayes
10.7%
2009Carl Magnay
10.7%
2008Bondz N'Gala
10.7%
2012Paul Slane
10.7%
2010James Tunnicliffe
10.7%
2006-2007Jamie Waite
10.7%
2007-2008Mustapha Carayol
10%
2004-2006Serge Makofo
10%
2007Adam Watts
9.3%
2013Chris Lines
8.7%
2017-2018Gboly Ariyibi
8.7%
2015-16Cristian Benavente
8.7%
2016-2018Paul Downing
8.7%
2015-2016Diego Poyet
8.7%
2017Aaron Tshibola
8.7%
2008Donal McDermott
8.6%
2011Rowan Vine
8.6%
2012Scott Allan
6.5%
2014-2016Tom Hitchcock
6.5%
2014James Loveridge
6.5%
2014Chris Long
6.5%
2016Kevin Long
6.5%
2018Josh Tynom
6.5%
2013-2014Jason Banton
4.3%
2016Jack Hendry
4.3%
2013-2014 & 2015-2016Dale Jennings
4.3%
2014Sanmi Odelusi
4.3%
2017-2018Ryan Seaver
4.3%
2016-2018Connor Furlong
2.2%
2014Marry Kennedy
2.2%
Remove Ads.
Support Sporcle.
Get the best of Sporcle when you Go Orange. This ad-free experience offers more features, more stats, and more fun while also helping to support Sporcle. Thank you for becoming a member.

You're not logged in!

Compare scores with friends on all Sporcle quizzes.
OR
Log In

Show Comments

Extras

Top Quizzes Today


Score Distribution

Your Account Isn't Verified!

In order to create a playlist on Sporcle, you need to verify the email address you used during registration. Go to your Sporcle Settings to finish the process.

Report this User

Report this user for behavior that violates our Community Guidelines.

Details: